00534nam a2200157Ia 4500100003200000942000700032654000800039245005600047260002600103082001800129300000800147546001200155999001700167952009600184952009600280 aRabiner/lawrence/ Gold/ B.  cBK aDSP aTheory and application of Digital signal processing bPrentice Hallc2005 a621.3822bRAB a762 aENGLISH c19777d19777 001040708CRCaCRCEbCRCEd2023-03-17l0o621.3822 RABp15864r2023-03-17w2023-03-17yBK 001040708CRCaCRCEbCRCEd2023-03-17l0o621.3822 RABp15865r2023-03-17w2023-03-17yBK